000 00300nam a22001217a 4500
008 160520b xxu||||| |||| 00| 0 eng d
020 _a9781933107677
020 _a1933101677
041 _aeng
080 _a618.2
245 _aFundamentals for nursing :
_cDanielle Platt; Mary Moss;
942 _2udc
_cBK
999 _c2277
_d2277